• 首页
  • 本馆介绍
  • 公告通知
  • 最新文献
  • 馆藏检索
  • 电子资源
  • 读者导购
  • 参考咨询
  • 我的图书馆
  • 登录
  • 详细信息显示
  • 放入我的书架
  • 预约/预借图书
  • 作者相关作品
  • 分类相关作品
  • 丛书相关作品
  • 出版社相关作品

书目信息

  • 表格格式
  • 工作单格式
  • 卡片格式
题名:
神秘宇宙全记录
    
 
作者: 岩枫 主编
分册:  
出版信息: 北京   中国方正出版社  2003
页数: 289页
开本: 20cm
丛书名: 发现系列
单 册:
中图分类: P159-49
科图分类:
主题词: 宇宙学--普及读物 , 宇宙学
电子资源:
ISBN: 7-80107-465-3
000 00881oam2 2200277 450
001 0123456210070
005 20070730143631.85
010    @a7-80107-465-3@dCNY24.50
100    @a20040708d2003 em y0chiy0110 ea
101 0  @achi
102    @aCN@b110000
105    @aaf z 000yy
200 1  @a神秘宇宙全记录@Ashen mi yu zhou quan ji lu@f岩枫主编
210    @a北京@c中国方正出版社@d2003
215    @a289页@c图,图版(12页)@d20cm
225 2  @a发现系列
304    @a封面责任者题:岩枫编
330    @a本书的内容包括:宇宙的奥秘;神秘的银河系;太阳系庞大家族;恒星也有生老病死;绝不逆来顺受的地球等。
461  0 @12001 @a发现系列
517 1  @a宇宙空间的旋涡王国@Ayu zhou kong jian de xuan wo wang guo
606 0  @a宇宙学@j普及读物
606 0  @a宇宙学
690    @aP159-49@v4
701  0 @a岩枫@Ayan feng@4主编
801  0 @aCN@bWHC@c20070730
905    @a10447@dP159-49@e141
    
    神秘宇宙全记录/岩枫主编.-北京:中国方正出版社,2003
    289页:图,图版(12页);20cm.-(发现系列)
    
    
    ISBN 7-80107-465-3:CNY24.50
    本书的内容包括:宇宙的奥秘;神秘的银河系;太阳系庞大家族;恒星也有生老病死;绝不逆来顺受的地球等。
●
相关链接 在E读中查询图书 在五车中查询图书 在当当中查询图书 在豆瓣中查询图书


正题名:神秘宇宙全记录     索取号:P159-49/141         预约/预借

序号 登录号 条形码 馆藏地/架位号 状态 备注
1 0789100   207891003   第二样本阅览室/ [索取号:P159-49/141] 在馆    
2 0789101   207891012   第三借阅区/ [索取号:P159-49/141] 在馆    
3 0789102   207891021   第三借阅区/ [索取号:P159-49/141] 在馆    
4 0789103   207891030   第三借阅区/ [索取号:P159-49/141] 在馆    
5 0789104   207891049   第三借阅区/ [索取号:P159-49/141] 在馆    
唐山师范学院图书馆 欢迎您!
大连网信软件有限公司© 版权所有